000 03930cam a22007694i 4500
003 PE-LiUPU
005 20250731170420.0
008 180221s2014 mx a r 000 0 spa d
020 _a6073221363
020 _a9786073221368
035 _a(Sirsi) a241333
040 _aPE-LiUPU
_bspa
_cPE-LiUPU
_erda
049 _aPRUA
082 0 4 _a150
_bM86 2014
082 0 4 _a150
_bM86
_220
100 1 _aMorris, Charles G.,
_eautor.
245 1 0 _aPsicología /
_cCharles G Morris, Alberto A Maisto.
264 1 _aMéxico :
_bPearson,
_c2014.
300 _aPaginación variada :
_bilustraciones ;
_c27 centímetros
336 _atext
_2rdacontent
337 _aunmediated
_2rdamedia
338 _avolume
_2rdacarrier
504 _aBibliografía: página R-1 - R-45.
504 _aÍndice: páginas IO-1 - IT-15.
505 0 _aLa ciencia de la psicología -- Las bases biológicas de la conducta -- Sensación y percepción -- Estados de la conciencia -- Aprendizaje -- Memoria -- Cognición y capacidades mentales -- Motivación y emoción -- Desarrollo del ciclo vital -- Personalidad -- Estrés y psicología de la salud -- Trastornos psicológicos -- Terapias -- Psicología social -- Apéndice A: Medición y métodos estadísticos -- Apéndice B: La psicología aplicada al trabajo.
526 _aSEG68
526 _aSEG70
526 _aSEG69
526 _aSEG67
526 _aSEG43
526 _aP144
526 _aP143
526 _aP131
526 _aP122
526 _aP120
526 _aP117
526 _aP112
526 _aP110
526 _aP106
526 _aP101
526 _aP80
526 _aP59
526 _aP54
526 _aP35
526 _aP33
526 _aP30
541 _g003-001187;
541 _gF002-00000834;
541 _gF002-00000789;
650 0 4 _aIntroducción a la psicología.
700 1 _aMaisto, Albert A.,
_eautor.
910 _armch
_btqv
_cjfb
_d20190131
910 _adbm
_bsag
_csag
_d20190212
942 _2ddc
_cBOOK
949 _a150 M86 2014
_wDEWEY
_c1
_iFJ10372
_lCCODEBUJ1
_mBUJ
_p44.00
_r0
_sY
_tBOOK
_u2018-02-21
_xSALUD
_PP33
_0COMPRA
_o.STAFF. Colección General Juliaca
949 _a150 M86 2014
_wDEWEY
_c2
_iFJ10373
_lCCODEBUJ1
_mBUJ
_p44.00
_r0
_sY
_tBOOK
_u2018-02-21
_xSALUD
_PP33
_0COMPRA
_o.STAFF. Colección General Juliaca
949 _a150 M86 2014
_wDEWEY
_c3
_iFJ12495
_lCCODEBUJ1
_mBUJ
_p53.00
_r0
_sY
_tBOOK
_u2019-01-31
_xSALUD
_PP33
_0COMPRA
_o.STAFF. Colección General Juliaca
949 _a150 M86 2014
_wDEWEY
_c1
_iFT02756
_lCCODEBUT1
_mBUT
_p{dolar}25.00
_r0
_sY
_tBOOK
_xSALUD
_PP33
_0COMPRA
_o.STAFF. Colección General Tarapoto
994 _aC0
_bPEPRU
596 _a1 2 3
999 _a150 M86 2014
_wDEWEY
_c26973
_iFJ10372
_d26973
_e2018-10-22
_f2022-1-17
_g3
_lCCODEBUJ1
_mBUJ
_n5
_p44.00
_q11
_r0
_sY
_tBOOK
_u2018-2-21
_xSALUD
_zP33
_0COMPRA
_o.STAFF. Colección General Juliaca
999 _a150 M86 2014
_wDEWEY
_c2
_iFJ10373
_d2019-11-21
_e2019-11-19
_f2022-1-17
_g3
_lCCODEBUJ1
_mBUJ
_n6
_p44.00
_q20
_r0
_sY
_tBOOK
_u2018-2-21
_xSALUD
_zP33
_0COMPRA
_o.STAFF. Colección General Juliaca
999 _a150 M86 2014
_wDEWEY
_c3
_iFJ12495
_d2019-4-5
_f2022-1-17
_g3
_lCCODEBUJ1
_mBUJ
_p53.00
_q5
_r0
_sY
_tBOOK
_u2019-1-31
_xSALUD
_zP33
_0COMPRA
_1FCOMPR2
_o.STAFF. Colección General Juliaca
999 _a150 M86 2014
_wDEWEY
_c1
_iFT02756
_d2022-6-13
_e2022-6-10
_f2019-2-20
_g1
_lCCODEBUT1
_mBUT
_n1
_p25.00
_r0
_sY
_tBOOK
_u2019-2-7
_xSALUD
_zP33
_0COMPRA
_o.STAFF. Colección General Tarapoto
999 _a150 M86
_wDEWEY
_c1
_i79960
_d2022-7-15
_e2022-7-12
_f2021-11-3
_g3
_lCCODEBUL1
_mBUL
_n17
_p51.91
_q13
_r0
_sY
_tBOOK
_u2019-2-12
_xSALUD
_zP33
_0COMPRA
_1FCOMPR2
_o.STAFF. Colección Ciencias de la Salud
980 _81
_gALBERTO SANCHEZ Responsable de Automatización